Subdivision capitals closest to Olomouc (CZ) - Statistics

General Stats
  • This quiz has been taken 27 times
  • The average score is 12 of 20
Answer Stats
Distance (km) Answer % Correct
2 64 Brno
100%
3 80 Ostrava
100%
1 51 Zlín
83%
7 122 Jihlava
78%
6 117 Pardubice
78%
13 162 Bratislava
72%
8 123 Hradec Králové
72%
18 200 Kraków
72%
20 204 Liberec
72%
14 167 Wien
72%
16 169 Wrocław
67%
11 147 Katowice
61%
12 155 Nitra
56%
5 115 Žilina
56%
4 97 Trenčín
50%
10 137 Trnava
44%
9 169 Opole
39%
15 168 Banská Bystrica
33%
17 195 Sankt Pölten
28%
19 201 Eisenstadt
6%
No matching quizzes found
Score Distribution
Percent of People with Each Score
Percentile by Number Answered
Your Score History
You have not taken this quiz